KOHA-Header-6

C++ How To Program (Record no. 2552)

000 -LEADER
fixed length control field 00292nam a2200121Ia 4500
008 - FIXED-LENGTH DATA ELEMENTS--GENERAL INFORMATION
fixed length control field 190802s9999 xx 000 0 und d
020 ## - INTERNATIONAL STANDARD BOOK NUMBER
International Standard Book Number 978-93-325-8573-7
100 ## - MAIN ENTRY--PERSONAL NAME
Personal name Paul Deitel
245 #0 - TITLE STATEMENT
Title C++ How To Program
260 ## - PUBLICATION, DISTRIBUTION, ETC. (IMPRINT)
Place of publication, distribution, etc Uttar Pradesh
Name of publisher, distributor, etc Pearson
Date of publication, distribution, etc 2017
300 ## - PHYSICAL DESCRIPTION
Extent 1070:p
942 ## - ADDED ENTRY ELEMENTS (KOHA)
Koha item type Books
Holdings
Withdrawn status Lost status Damaged status Not for loan Collection code Permanent Location Current Location Shelving location Date acquired Full call number Barcode Date last seen Price effective from Koha item type
      Not For Loan Computer Languages Computing and Engineering Library Block-D Computing and Engineering Library Block-D Shelf No.A33 2019-08-03 5.13 9175 2019-12-31 2019-08-03 Computer Languages

Powered by Koha